000 00574nam a2200241 a 4500
001 nice12345678
003 IN_TiNIC
005 20260116011840.0
008 050524s1963 boma grp 000 0 urd
020 _a
_c5
082 0 0 _a297.5
_bFAR
100 _aFarooqi, Sayeed Ahmed
245 _aAkhlaq-I-Muhammadi
260 _aBombay
_bShaad Pub.House
_c1963
300 _a336p
500 _aincludes index and biblioraphy
505 2 _aIll
650 _aIslam-Moral Theology
700 1 _aFarooqi, Sayeed Ahmed
902 _bSRS
942 _cBK
999 _c4422
_d4422